LEADER 01216nam 2200397 450 001 9910468030003321 005 20191014085829.0 010 $a3-8325-9139-7 035 $a(CKB)4910000000017357 035 $a(MiAaPQ)EBC5850407 035 $a(Au-PeEL)EBL5850407 035 $a(OCoLC)1112422549 035 $a(EXLCZ)994910000000017357 100 $a20191014d2013 uy 0 101 0 $ager 135 $aurcnu|||||||| 181 $ctxt$2rdacontent 182 $cc$2rdamedia 183 $acr$2rdacarrier 200 15$aEine Methode Zur Abbildung Von Scha?den Mit Elastischen Wellen in Anisotropen Werkstoffen /$fFrank Binder 210 1$aBerlin :$cLogos Verlag,$d[2013] 210 4$dİ2013 215 $a1 online resource (136 pages) 311 $a3-8325-3537-3 606 $aAnisotropy$xMathematical models 608 $aElectronic books. 615 0$aAnisotropy$xMathematical models. 676 $a550.5 700 $aBinder$b Frank$0949301 801 0$bMiAaPQ 801 1$bMiAaPQ 801 2$bMiAaPQ 906 $aBOOK 912 $a9910468030003321 996 $aEine Methode Zur Abbildung Von Scha?den Mit Elastischen Wellen in Anisotropen Werkstoffen$92145617 997 $aUNINA